000
00283nam a2200133Ia 4500
008
221030s9999 xx 000 0 und d
041
_a
English
082
_a
105.23
100
_a
Eshan-Ul-Haq-Mir/1
245
0
_a
TV SIGNAL PROCESSING
260
_c
1999
650
_a
ECE
942
_c
TH
999
_c
821
_d
821